000 00707cam a22002413a 4500
001 22123
003 PGUSA
005 20140828083454.0
008 070723s2007||||xxu|||||s|||||000 1 eng d
040 _aPGUSA
_beng
042 _adc
050 4 _aPT
100 1 _aRaabe, Wilhelm,
_d1831-1910
245 1 0 _aZum wilden Mann
_h[electronic resource] /
_cWilhelm Raabe
260 _bProject Gutenberg,
_c2007
506 _aPublic domain in the USA.
516 _aElectronic text
653 _aGermany, Northern -- Fiction
653 _aGermany -- Social life and customs -- 19th century -- Fiction
830 0 _aProject Gutenberg
_v22123
856 4 0 _uhttp://www.gutenberg.org/ebooks/22123
942 _cEB
999 _c251378
_d251378